000 00365nam a22001337a 4500
082 _a728.3
_bANT
_cL-14, P-5
100 _aMonica Pidgeon
_945815
245 _aAn anthology of houses /
_cPidgeon Monica
260 _aLondon :
_bB.T Batsford Limited,
_c.
300 _a174 p. :
526 _a0
_b0
_c0
_d728_300000000000000_ANT
650 _aMCE
_9379
942 _2ddc
_cBK
999 _c549254
_d549254